Umenie na Slovensku. Stručné dejiny obrazov

Guardado en:
Detalles Bibliográficos
Formato: Libro
Lenguaje:eslovaco
Publicado: Bratislava : Slovart, 2007
Materias:
Etiquetas: Agregar Etiqueta
Sin Etiquetas, Sea el primero en etiquetar este registro!

MARC

LEADER 00000nam a22000003a 4500
001 stu243416
005 20141123132204.7
008 120216s2007------------------------slo-d
020 |a 978-80-8085-435-5 
040 |a STU  |b slo 
041 0 |a slo 
245 |a Umenie na Slovensku. Stručné dejiny obrazov 
260 |a Bratislava :  |b Slovart,  |c 2007 
300 |a 256 s 
650 7 |a umenie na Slovensku  |2 stusub 
650 7 |a umenie výtvarné  |2 stusub 
996 |b 284AU05137  |c A*7866 U  |l AAKNAR  |s A  |a 24  |w stu243416_0001